Niko Kovac' Eintracht Frankfurt - Statistics

General Stats
  • This quiz has been taken 15 times
  • The average score is 16 of 49
Answer Stats
Rank Player Position Nationality Matches Goals Assists % Correct
1 Lukas Hradecky Goalkeeper 90 0 0
87%
5 Makoto Hasebe Defensive Midfield 65 2 2
87%
3 Timothy Chandler Right-Back 71 3 11
87%
6 Ante Rebić Left Winger 56 12 5
80%
23 Luka Jović Centre-Forward 27 9 2
80%
2 David Abraham Centre-Back 77 1 4
73%
4 Mijat Gacinovic Attacking Midfield 71 7 7
73%
14 Kevin-Prince Boateng Attacking Midfield 36 6 2
67%
15 Sébastien Haller Centre-Forward 36 13 7
67%
20 Alexander Meier Second Striker 28 6 2
60%
11 Haris Seferovic Centre-Forward 39 5 0
60%
9 Marco Fabián Attacking Midfield 40 8 4
60%
7 Bastian Oczipka Left-Back 46 1 4
47%
40 Daichi Kamada Attacking Midfield 4 0 0
47%
8 Omar Mascarell Defensive Midfield 45 2 1
47%
18 Aymen Barkok Attacking Midfield 29 2 3
40%
25 Carlos Salcedo Centre-Back 24 0 0
40%
27 Danny da Costa Centre-Back 21 1 5
33%
12 Marius Wolf Right-Back 38 6 11
33%
16 Taleb Tawatha Left-Back 34 2 2
33%
37 Carlos Zambrano Centre-Back 7 0 0
27%
26 Gelson Fernandes Defensive Midfield 22 0 0
27%
21 Jesús Vallejo Centre-Back 27 1 1
27%
29 Jonathan de Guzmán Defensive Midfield 19 0 5
27%
10 Marco Russ Centre-Back 39 2 0
27%
24 Szabolcs Huszti Left Midfield 26 2 3
27%
13 Branimir Hrgota Centre-Forward 38 6 3
20%
36 Constant Djakpa Left-Back 7 0 0
20%
45 Heinz Lindner Goalkeeper 2 0 0
20%
17 Jetro Willems Left-Back 29 0 5
20%
22 Michael Hector Centre-Back 27 1 0
20%
19 Simon Falette Centre-Back 28 1 0
20%
43 Slobodan Medojevic Defensive Midfield 4 0 0
20%
32 Stefan Aigner Right Winger 10 2 1
20%
41 Andersson Ordóñez Centre-Back 4 0 0
13%
33 Guillermo Varela Right-Back 10 0 0
13%
49 Kaan Ayhan Centre-Back 1 0 0
13%
34 Luc Castaignos Centre-Forward 10 0 0
13%
46 Aleksandar Ignjovski Defensive Midfield 2 0 0
7%
35 Änis Ben-Hatira Attacking Midfield 9 1 2
7%
28 Danny Blum Left Winger 21 4 1
7%
47 Luca Waldschmidt Centre-Forward 2 0 0
7%
30 Marc Stendera Central Midfield 18 0 1
7%
31 Shani Tarashaj Second Striker 15 1 0
7%
39 Sonny Kittel Attacking Midfield 6 0 0
7%
44 Stefan Reinartz Defensive Midfield 2 0 0
7%
38 Yanni Regäsel Defensive Midfield 6 0 0
7%
48 Marijan Cavar Central Midfield 1 0 0
0%
42 Max Besuschkow Central Midfield 4 0 0
0%
No matching quizzes found
Score Distribution
Percent of People with Each Score
Percentile by Number Answered
Your Score History
You have not taken this quiz